000 01057nam0a22002771 4500
001 v19\rc\1393667
005 20260405133523.0
035 _a(NLR Aleph) 004525414
090 _a4909644
_c4909644
100 _a20060512d1895 |||y0rusy50 ca
101 0 _arus
102 _aRU
105 _ac z |||||
200 1 _aЖизнь преподобного и богоносного отца нашего Петра, на Афонской горе подвизавшегося
_fИзд. св. Афон. горы рус. Пантелеймонова монастыря
205 _a6-е изд.
210 _aМосква
_cтипо-лит. И. Ефимова
_d1895
215 _a32 с., [1] л. портр.
_d21
300 _aЗагл. незначит. изменено
702 0 _4570
_7ca
_8rus
_aПетр Афонский
_cсвятой
_f-734
_937124
_3RU\NLR\AUTH\7754192
801 0 _aRU
_bNLR
_gpsbo
801 0 _aRU
_bRuMoRGB
_2psbo
801 1 _aRU
_bProSoft-M
_2rusmarc
852 _aNLR
_j18.208.1.105(2)
942 _cBOOK
980 _aNB